000 00431nam a22001817a 4500
003 MPLRDC
005 20220104114630.0
008 210129b ||||| |||| 00| 0 eng d
082 _a192.1 ZSM v.1
100 _a晴夜
245 _a年轻的日子
_c
250 _a第八版
260 _a
_b将门文物出版有限公司
_c1989
300 _b
490 _a真善美书系
650 _a修身
942 _cBK
_o192.1 ZSM v.1
999 _c9003
_d8993